| 000 | 00497nam a2200217Ia 4500 | ||
|---|---|---|---|
| 008 | 210210b1908 xxu||||| |||| 00| 0 eng d | ||
| 041 | _aeng | ||
| 082 | _a330/306 | ||
| 100 | _aNICHOLSON (J S) | ||
| 245 | _aPrinciples of political economy Vol III | ||
| 260 |
_aLondon _bAdam and Charles Black _c1908 |
||
| 440 | _a3 | ||
| 650 | _aVol | ||
| 650 | _aPrinciples | ||
| 650 | _apolitical | ||
| 650 | _aof | ||
| 650 | _aIII | ||
| 650 | _aeconomy | ||
| 690 | _aEconomics | ||
| 906 | _a003709 | ||
| 999 |
_c120260 _d120260 |
||